Music Quiz

Random Music Quiz

Twenty One Pilots: Name the 'Blurryface' tracks Quiz Stats

 Plays Quiz not verified by Sporcle

Challenge
Share
Tweet
Embed
Score 0/14 Timer 05:00
0 Plays Today
Hint Blurryface % Correct
Stressed Out
98.7%
Ride
97.7%
Heavydirtysoul
96.9%
Goner
94.8%
Lane Boy
92.7%
Tear In My Heart
91.1%
The Judge
90.9%
Hint Blurryface % Correct
Message Man
90.1%
We Don't Believe What's On T.V
89.6%
Fairly Local
89%
Polarize
88.3%
Hometown
87.5%
Doubt
87.2%
Not Today
86.7%

You're not logged in!

Compare scores with friends on all Sporcle quizzes.
OR
Log In

You Might Also Like...

Show Comments

Extras

Created Mar 17, 2017ReportNominate
Tags:Twenty One Pilots

Top Quizzes Today


Score Distribution

Your Account Isn't Verified!

In order to create a playlist on Sporcle, you need to verify the email address you used during registration. Go to your Sporcle Settings to finish the process.

Report this User

Report this user for behavior that violates our Community Guidelines.

Details: